Wänyi jwɔk mɛn nyan (Record no. 64592)
[ view plain ]
| 000 -LEADER | |
|---|---|
| fixed length control field | 00291nam a2200121 4500 |
| 020 ## - INTERNATIONAL STANDARD BOOK NUMBER | |
| International Standard Book Number | 056402843 |
| 082 0# - DEWEY DECIMAL CLASSIFICATION NUMBER | |
| Classification number | 225.5 |
| 242 00 - TRANSLATION OF TITLE BY CATALOGING AGENCY | |
| Remainder of title | The New Testament in Shilluk |
| 245 11 - TITLE STATEMENT | |
| Title | Wänyi jwɔk mɛn nyan |
| 260 ## - PUBLICATION, DISTRIBUTION, ETC. (IMPRINT) | |
| Place of publication, distribution, etc | Khartoum |
| Name of publisher, distributor, etc | United Bible Societies |
| Date of publication, distribution, etc | c.1977 |
| 300 ## - PHYSICAL DESCRIPTION | |
| Extent | 647 p. |
| 942 ## - ADDED ENTRY ELEMENTS (KOHA) | |
| Source of classification or shelving scheme | |
| Koha item type | Books |
No items available.
